Statistiques concernant Culture Générale - Série 586

Cliquez ici pour prendre le quiz!

Statistiques générales

  • Ce quiz a été pris 191 fois
  • Le résultat moyen est 7 sur 10

Statistiques - réponses

QuestionRéponse% Correct
Quel président français a été l'objet d'un attentat manqué le 14 juillet 2002 ?Jacques Chirac
97%
Quel faon de dessin animé inspira l'un des surnoms de Michael Jackson ?Bambi
93%
A quelle partie du corps se rapporte le préfixe grec "rhino" de "rhino-pharyngite" ?nez
93%
Dans quelle ville italienne peut-on admirer le palais des Doges ?Venise
92%
Dans quel État d'Asie se trouve la ville de Darjiling ?Inde
78%
Dans quelle saga cinématographique, l'acteur Robert Pattinson incarne-t-il le vampire Edward Cullen ?Twilight
68%
Sur quel lac des États-Unis se trouve la ville de Buffalo dans l'État de New York ?lac Érié
51%
En 1969, dans quelle comédie musicale Julien Clerc incarne-t-il le personnage de Claude ?Hair
43%
Quel fils de Gaia et d'Ouranos, et père de Zeus, dévora ses enfants ?Cronos
38%
Quel joueur de rugby le commentateur sportif Roger Couderc avait-il surnommé "Casque d'or" dans les années 1970 ?Jean-Pierre Rives
36%

Distribution des résultats

Percentile par nombre de réponses

% des personnes avec chaque résultat

Votre développement - résultats

Vous n’avez pas pris ce quiz